Statistics for All Country Flags of the World but something is missing

Click here to take the quiz!

General Stats

  • This quiz has been taken 341 times
  • The average score is 91 of 196

Answer Stats

Answer% Correct
United States
100%
United Kingdom
99%
Australia
96%
New Zealand
95%
Canada
69%
South Korea
64%
Brazil
63%
Sweden
63%
China
62%
Finland
62%
Georgia
61%
Nepal
60%
Dominican Republic
59%
India
59%
Norway
59%
Saudi Arabia
59%
Spain
59%
Vatican City
59%
Ireland
58%
Israel
58%
South Africa
58%
Switzerland
58%
Argentina
57%
Denmark
57%
Greece
57%
Iceland
57%
Jamaica
57%
Malta
57%
Algeria
56%
Ivory Coast
56%
Kosovo
56%
Malaysia
56%
Pakistan
56%
Bhutan
55%
Croatia
55%
Cyprus
55%
Iran
55%
Kazakhstan
55%
North Korea
55%
Papua New Guinea
55%
Singapore
55%
Syria
55%
Tunisia
55%
Turkey
55%
Uruguay
55%
Uzbekistan
55%
Afghanistan
54%
Barbados
54%
Cambodia
54%
D.R. Congo
54%
Philippines
54%
San Marino
54%
Seychelles
54%
Slovakia
54%
Slovenia
54%
Tonga
54%
Azerbaijan
53%
Libya
53%
Liechtenstein
53%
Panama
53%
Bosnia & Herzegovina
52%
Brunei
52%
Kenya
52%
Kiribati
52%
Liberia
52%
Maldives
52%
Mexico
52%
Oman
52%
Antigua and Barbuda
51%
Eswatini
51%
Kuwait
51%
Niger
51%
South Sudan
51%
Sri Lanka
51%
Andorra
50%
Comoros
50%
Costa Rica
50%
F.S. of Micronesia
50%
Honduras
50%
Iraq
50%
Kyrgyzstan
50%
Morocco
50%
Tajikistan
50%
Burundi
49%
Dominica
49%
Eritrea
49%
Marshall Islands
49%
Mauritania
49%
Mongolia
49%
Taiwan
49%
Uganda
49%
Zambia
49%
Zimbabwe
49%
Botswana
48%
Cameroon
48%
Cape Verde
48%
East Timor
48%
Grenada
48%
Guyana
48%
Jordan
48%
Namibia
48%
Rwanda
48%
St. Lucia
48%
Turkmenistan
48%
Vietnam
48%
Chile
47%
Djibouti
47%
Egypt
47%
El Salvador
47%
Fiji
47%
Japan
47%
Venezuela
47%
Bahamas
46%
Bulgaria
46%
Nauru
46%
Nicaragua
46%
Serbia
46%
Trinidad & Tobago
46%
Burkina Faso
45%
Equatorial Guinea
45%
Italy
45%
Suriname
45%
Vanuatu
45%
Bangladesh
44%
Central African Republic
44%
Ecuador
44%
Montenegro
44%
Portugal
44%
Togo
44%
Guatemala
43%
Moldova
43%
Qatar
43%
Samoa
43%
Sao Tome & Principe
43%
Tuvalu
43%
France
42%
Tanzania
42%
Laos
41%
Netherlands
41%
Somalia
41%
St. Kitts & Nevis
41%
Germany
39%
Guinea-Bissau
39%
Haiti
39%
Lesotho
39%
Malawi
39%
Palau
39%
Russia
39%
Gambia
38%
Ghana
38%
Rep. of the Congo
38%
Solomon Islands
38%
Mozambique
37%
Paraguay
37%
United Arab Emirates
37%
Bolivia
36%
St. Vincent and the Grenadines
36%
Lebanon
35%
Luxembourg
35%
Angola
34%
Cuba
34%
Mauritius
34%
Gabon
33%
Hungary
33%
Peru
33%
Poland
32%
Senegal
32%
Austria
31%
Belarus
31%
Indonesia
31%
Lithuania
31%
Monaco
31%
Myanmar
31%
North Macedonia
31%
Yemen
31%
Madagascar
30%
Sierra Leone
30%
Sudan
30%
Colombia
29%
Mali
27%
Belgium
26%
Romania
26%
Thailand
26%
Chad
25%
Guinea
25%
Latvia
24%
Armenia
23%
Ethiopia
23%
Benin
21%
Belize
17%
Estonia
17%
Bahrain
14%
Nigeria
14%
Albania
13%
Ukraine
13%
Czech Republic
9%

Score Distribution

Percentile by Number Answered

Percent of People with Each Score

Your Score History

You have not taken this quiz